00930nam a2200265Ia 4500001000600000003000500006008004100011010001100052040000900063090001600072100003500088245014700123260004100270300001000311502008100321650002000402650003900422901001600461902000600477910000900483942000600492942000600498999001900504952014100523Z_375CHAP220113s1985 xx 000 0 und d a163351 cCHAP aTesis D 397 aDíaz Díaz, Leonardo933452 aEfecto de la harina de barbasco (Dioscorea composita Hemsl.), sobre la actividad reproductiva de la cerda joven /cpor Leonardo Díaz Díaz aChapingo, Méx. :bEl autor,c1985 a36 h. aTesis (Ing. Agrónomo Esp. en Zootecnia) -- UACH. Departamento de Zootecnia aBarbasco910089 aGanado porcinoxFecundidad 945369 aTESIS D 397 aM a1985 c2 c2 c163351d163351 00102local4051708TESISaZbZd2005-11-09eEl autorl0oTesis D53 397 1985p5101000567r2022-01-18 00:00:00tEj.1w2022-01-18yTESIS